Normal view
MARC view
- Greene, Bob
Entry Personal Name
001 - CONTROL NUMBER
- control field: 90824
003 - CONTROL NUMBER IDENTIFIER
- control field: NUST
005 - DATE AND TIME OF LATEST TRANSACTION
- control field: 20220405112503.0
008 - FIXED-LENGTH DATA ELEMENTS
- fixed length control field: 220405|| aca||aabn | a|a d
040 ## - CATALOGING SOURCE
- Original cataloging agency: NUST
- Transcribing agency: NUST
100 ## - HEADING--PERSONAL NAME
- Personal name: Greene, Bob
- Fuller form of name: (Bob W.)
670 ## - SOURCE DATA FOUND
- Source citation: Work cat.: (NUST)0: Greene, Bob (Bob W.), The best life diet /, 2009.
